Devín, milý Devín : národná slávnosť štúrovcov na Devíne 1836 : história a tradícia /
Saved in:
| Main Author: | |
|---|---|
| Format: | Book |
| Language: | Slovak |
| Published: |
Martin :
Matica slovenská,
2008.
|
| Edition: | [1. vyd.] |
| Series: | História a tradícia
|
| Subjects: | |
| ISBN: |
9788070908563 (viaz.) |
| Physical Description: |
97 s. : fotogr., ilustr., portréty ; 23 cm. |
| Tags: |
Add Tag
No Tags, Be the first to tag this record!
|
Titul je dostupný aj v ... 

MARC
| LEADER | 00000nam a2200000 a 4500 | ||
|---|---|---|---|
| 001 | 000323607 | ||
| 005 | 20080814105207.0 | ||
| 008 | 080228s2008 xo aco g 000 0 slo d | ||
| 015 | |a SNBA2008/03-01309 | ||
| 020 | |a 9788070908563 (viaz.) | ||
| 040 | |a SVKKK |b slo |c SVKKK |e AACR2 | ||
| 041 | 0 | |a slo | |
| 043 | |a e-xo--- | ||
| 044 | |a xo |c SK | ||
| 072 | 7 | |a 94(437) |x Dejiny Česka a Slovenska |2 konspekt | |
| 080 | |a 930.85(437.6)-051"18" |2 2001 | ||
| 080 | |a 394.21 |2 2001 | ||
| 080 | |a (437.6) |2 2001 | ||
| 080 | |a (048.8) |2 2001 | ||
| 100 | 1 | |a Matula, Vladimír, |d 1928- | |
| 245 | 1 | 0 | |a Devín, milý Devín : |b národná slávnosť štúrovcov na Devíne 1836 : história a tradícia / |c Vladimír Matula. |
| 250 | |a [1. vyd.] | ||
| 260 | |a Martin : |b Matica slovenská, |c 2008. | ||
| 300 | |a 97 s. : |b fotogr., ilustr., portréty ; |c 23 cm. | ||
| 490 | 1 | |a História a tradícia | |
| 500 | |a Il. na fronte | ||
| 504 | |a Bibliografia: s. 97-98 | ||
| 648 | 7 | |a 1836 |2 SVKKKPH | |
| 650 | 0 | 7 | |a štúrovci |2 SVKKKPH |
| 650 | 0 | 7 | |a národné slávnosti |2 SVKKKPH |
| 651 | 7 | |a Devín, hrad (Slovensko) |2 SVKKKPH | |
| 655 | 7 | |a monografie |2 SVKKKPH | |
| 830 | 0 | |a História a tradícia | |
| 910 | |a svkkk | ||
| 919 | |a 978-80-7090-856-3 | ||
| 998 | |a BK | ||
| 090 | |g SCKHL |k Sklad Pribinova prízemie |a IV.202466 |j 998799 |i 2720103177 |s Absenčne | ||